000 00732nam a2200217 a 4500
001 BRCA_2867
005 20190320204016.0
008 101208s1958----nyua---###---#000-0#eng-#
050 4 _aND813.T4
_b.T73 1958
100 1 _aTrapier, Elizabeth du Gué
_98009
245 1 0 _aEl Greco
_bearly years at Toledo, 1576-1586
_cElizabeth Du Gué Trapier.
260 _aNew York
_bHispanic Society of America
_c1958
300 _a45 p.
_bil.
_c23 cm.
440 0 _aHispanic Notes & Monographs Essays, Studies, and Brief Biographies
_97619
500 _aAA33
504 _aBibliografía: p. 38-40
600 1 4 _aTheotocopulli, Dominico
_cllamado El Greco
_dm. 1614
_98010
650 1 4 _aPintores españoles
_97620
902 _aGFM
942 _2lcc
_cB
999 _c2606
_d2606